سنتالیس کے آنسو (Record no. 72369)
[ view plain ]
| 000 -LEADER | |
|---|---|
| fixed length control field | 00520nam a22001457a 4500 |
| 005 - DATE AND TIME OF LATEST TRANSACTION | |
| control field | 20150601112332.0 |
| 008 - FIXED-LENGTH DATA ELEMENTS--GENERAL INFORMATION | |
| fixed length control field | 150601b xxu||||| |||| 00| 0 eng d |
| 040 ## - CATALOGING SOURCE | |
| Transcribing agency | PK-LaUMT |
| 082 ## - DEWEY DECIMAL CLASSIFICATION NUMBER | |
| Classification number | KHC 954.0359 |
| Item number | MUS-S |
| 100 ## - MAIN ENTRY--PERSONAL NAME | |
| Personal name | مصطفے علی بریلوی |
| 245 ## - TITLE STATEMENT | |
| Title | سنتالیس کے آنسو |
| Remainder of title | ہندوستان میں خون مسلم کی ارزانی |
| Statement of responsibility, etc | مصطفے علی بریلوی |
| 260 ## - PUBLICATION, DISTRIBUTION, ETC. (IMPRINT) | |
| Place of publication, distribution, etc | کراچی |
| Name of publisher, distributor, etc | آل پاکستان مسلم ایجوکیشنل کانفرنس |
| Date of publication, distribution, etc | 1978 |
| 300 ## - PHYSICAL DESCRIPTION | |
| Extent | 231 ص |
| 942 ## - ADDED ENTRY ELEMENTS (KOHA) | |
| Koha item type | Books |
| Withdrawn status | Lost status | Damaged status | Home library | Current library | Date acquired | Full call number | Barcode | Date last seen | Price effective from | Koha item type |
|---|---|---|---|---|---|---|---|---|---|---|
| UMT Main Campus | UMT Main Campus | 2015-06-01 | KHC 954.0359 MUS-S | 69716 | 2015-06-01 | 2015-06-01 | Books |
